[Event "Lichtenberger Sommer 2019"]
[Site "Berlin"]
[Date "2019.08.20"]
[Round "4.58"]
[White "Schmidt, Fabian"]
[Black "Uhlenbrock, Sven"]
[Result "1-0"]
[WhiteElo "1952"]
[BlackElo "1652"]
[PlyCount "49"]
[EventDate "2019.??.??"]
[WhiteTeam "Königsjäger Süd-West"]

1. e4 d6 2. d4 Nf6 3. Nc3 e5 4. Nf3 Nbd7 5. Bc4 Be7 6. O-O O-O 7. Re1 c6 8. a4
a5 9. Bb3 exd4 10. Nxd4 Nc5 11. Bc4 Nfxe4 12. Nxe4 Nxe4 13. Rxe4 d5 14. Rxe7
Qxe7 15. Bd3 Re8 16. Bd2 c5 17. Nb5 c4 18. Bf1 Be6 19. Bc3 Red8 20. Qd2 Qc5 21.
Qg5 Qf8 22. Qe5 Ra6 23. Re1 Rc6 24. Nd4 Ra6 25. h4 1-0

[Event "Lichtenberger Sommer 2019"]
[Site "Berlin"]
[Date "2019.08.20"]
[Round "4.60"]
[White "Zesewitz, Maik"]
[Black "Scheide, Helmut"]
[Result "1/2-1/2"]
[WhiteElo "1742"]
[BlackElo "1921"]
[PlyCount "55"]
[EventDate "2019.??.??"]
[WhiteTeam "SF Friedrichshagen"]
[BlackTeam "USV Potsdam"]

1. e4 e5 2. Nf3 Nc6 3. d4 exd4 4. Nxd4 Bc5 5. Be3 Qf6 6. c3 Nge7 7. Bc4 Ne5 8.
Be2 Qg6 9. O-O d5 10. Nd2 Bh3 11. Bf3 O-O-O 12. Nf5 dxe4 13. Nxe7+ Bxe7 14.
Bxe4 f5 15. Bf3 Bc5 16. Bf4 Nd3 17. Bg3 Bg4 18. Qb3 c6 19. Bxg4 fxg4 20. Rad1
Rhf8 21. Nc4 Qf6 22. Qc2 Nf4 23. Rxd8+ Rxd8 24. b4 Bb6 25. Nxb6+ axb6 26. Qe4
g5 27. Bxf4 gxf4 28. g3 1/2-1/2

[Event "Lichtenberger Sommer 2019"]
[Site "Berlin"]
[Date "2019.08.20"]
[Round "4.61"]
[White "Caglar, Ertan"]
[Black "Verbitsky, Jaroslaw"]
[Result "0-1"]
[WhiteElo "1724"]
[BlackElo "1917"]
[PlyCount "88"]
[EventDate "2019.??.??"]
[WhiteTeam "SW Lichtenrade"]
[BlackTeam "SV Mattnetz Berlin"]

1. e4 c6 2. d4 d5 3. e5 Bf5 4. Nf3 e6 5. Be2 c5 6. c3 Nd7 7. Nbd2 Ne7 8. Nf1
Nc6 9. Ng3 Bg4 10. O-O Qb6 11. Be3 Bxf3 12. Bxf3 cxd4 13. cxd4 Qxb2 14. Rb1
Qxa2 15. Rxb7 Qa6 16. Rb1 Rb8 17. Rxb8+ Ndxb8 18. Be2 Qb6 19. Nh5 Nd7 20. Qa4
g6 21. Bb5 Ndb8 22. Nf6+ Kd8 23. Rc1 Kc7 24. Ne8+ Kb7 25. Nd6+ Bxd6 26. exd6 a6
27. Rb1 Ka7 28. Bd3 Qd8 29. Bxa6 Qa5 30. Bb5 Qxa4 31. Bxa4 Rd8 32. Kf1 Rxd6 33.
Ke2 Rd7 34. Rxb8 Nxb8 35. Bxd7 Nxd7 36. Bh6 Kb6 37. h4 f6 38. f4 Kc6 39. g4 e5
40. fxe5 fxe5 41. dxe5 Nxe5 42. g5 d4 43. Bf8 Kd5 44. Bb4 Ke4 0-1

[Event "Lichtenberger Sommer 2019"]
[Site "Berlin"]
[Date "2019.08.20"]
[Round "4.62"]
[White "Kellner, René"]
[Black "Schönberger, Kay"]
[Result "0-1"]
[WhiteElo "1700"]
[BlackElo "1901"]
[PlyCount "76"]
[EventDate "2019.??.??"]
[WhiteTeam "Potsdamer SV"]
[BlackTeam "SV Koblenz"]

1. e4 c5 2. Nc3 Nc6 3. f4 g6 4. Nf3 Bg7 5. d3 e6 6. Be2 Nge7 7. O-O O-O 8. Qe1
d5 9. Qh4 d4 10. Nd1 f5 11. e5 Nd5 12. Qxd8 Rxd8 13. a3 b5 14. Bd2 a5 15. c3
Bb7 16. c4 bxc4 17. dxc4 Nc7 18. Bd3 a4 19. Nf2 Na5 20. Bxa5 Rxa5 21. Rfb1 Raa8
22. b4 axb3 23. Rxb3 Rdb8 24. Rab1 Ra7 25. Ng5 h6 26. Nf3 Bf8 27. Nh4 Kf7 28.
Be2 Be7 29. Nxg6 Kxg6 30. Bf3 Bxf3 31. Rxb8 Be4 32. Nxe4 fxe4 33. R8b7 Rxb7 34.
Rxb7 Bd8 35. Rb8 Be7 36. Rc8 Nd5 37. a4 d3 38. Kf1 Ne3+ 0-1

[Event "Lichtenberger Sommer 2019"]
[Site "Berlin"]
[Date "2019.08.20"]
[Round "4.63"]
[White "Udet, Fabian"]
[Black "Zubke, Carsten"]
[Result "1-0"]
[WhiteElo "1684"]
[BlackElo "1886"]
[PlyCount "105"]
[EventDate "2019.??.??"]
[WhiteTeam "1. SC Anhalt"]
[BlackTeam "BSG Pneumant Fürstenwalde"]

1. e4 c6 2. d4 d5 3. f3 dxe4 4. fxe4 e5 5. Nf3 Nf6 6. Bg5 Qa5+ 7. Qd2 Bb4 8. c3
Be7 9. Bd3 exd4 10. cxd4 Qb6 11. Nc3 Bg4 12. Be2 Nbd7 13. O-O O-O 14. e5 Bxf3
15. exf6 gxf6 16. Bh6 Bxe2 17. Nxe2 Rfe8 18. Kh1 Nf8 19. Bxf8 Bxf8 20. Rxf6 Bg7
21. Rf3 Rad8 22. Raf1 Rd7 23. Rg3 Qb5 24. Re3 Red8 25. Re1 Qf5 26. Ng3 Qg6 27.
Re8+ Rxe8 28. Rxe8+ Bf8 29. Ne4 Re7 30. Rxe7 Bxe7 31. Qf4 Kg7 32. h3 Bf6 33.
Nd6 Kf8 34. Nf5 Qg5 35. Qd6+ Be7 36. Nxe7 Qxe7 37. Qb8+ Kg7 38. Qxa7 Qe1+ 39.
Kh2 Qb4 40. b3 b6 41. Qd7 Qb5 42. Qg4+ Kf8 43. Qe4 h5 44. h4 Kg7 45. g4 f6 46.
Qe7+ Kg6 47. Qe8+ Kg7 48. gxh5 f5 49. Qe5+ Qxe5+ 50. dxe5 b5 51. Kg3 c5 52. e6
c4 53. h6+ 1-0

[Event "Lichtenberger Sommer 2019"]
[Site "Berlin"]
[Date "2019.08.20"]
[Round "4.64"]
[White "Wadepfuhl, Jeremy"]
[Black "Schneider, Eckehard"]
[Result "1-0"]
[WhiteElo "1668"]
[BlackElo "1844"]
[PlyCount "93"]
[EventDate "2019.??.??"]
[WhiteTeam "Borussia Lichtenberg"]
[BlackTeam "SF 1903 Berlin"]

1. b3 e5 2. Bb2 Nc6 3. e3 Nf6 4. Bb5 Bd6 5. Na3 a6 6. Be2 O-O 7. Nc4 Re8 8.
Nxd6 cxd6 9. Nf3 d5 10. d4 e4 11. Ne5 Qa5+ 12. Qd2 Qxd2+ 13. Kxd2 d6 14. Nxc6
bxc6 15. Ba3 Rd8 16. c4 dxc4 17. bxc4 Be6 18. Rab1 d5 19. c5 Rdb8 20. h3 h6 21.
Kc3 Ne8 22. Rb6 Nc7 23. Rxc6 Nb5+ 24. Bxb5 Rxb5 25. Rb6 Bd7 26. Rb1 Ra5 27. Kb3
Rb5+ 28. Kc2 Ra5 29. c6 Bxc6 30. Rxc6 Rxa3 31. Kb2 Ra5 32. Rbc1 Rb8+ 33. Ka1
Rb3 34. Rc8+ Kh7 35. R8c5 Rxc5 36. Rxc5 Rd3 37. Kb2 Kg6 38. Rxd5 Rd2+ 39. Kb3
Rxf2 40. Re5 f5 41. g4 f4 42. Rxe4 Rf3 43. Rxf4 Rxe3+ 44. Kb4 Rxh3 45. d5 Kg5
46. Rd4 Kf6 47. d6 1-0

[Event "Lichtenberger Sommer 2019"]
[Site "Berlin"]
[Date "2019.08.20"]
[Round "4.65"]
[White "Kandeler, Christian"]
[Black "Bode, Jan-Michael"]
[Result "1-0"]
[WhiteElo "1650"]
[BlackElo "1841"]
[PlyCount "60"]
[EventDate "2019.??.??"]
[WhiteTeam "TSG Oberschöneweide"]
[BlackTeam "SW Lichtenrade"]

1. e4 e5 2. Nf3 Nc6 3. d4 exd4 4. Nxd4 Qf6 5. Be3 Bc5 6. c3 Nge7 7. Bc4 Ne5 8.
Be2 O-O 9. O-O N7g6 10. f4 Nc6 11. Na3 Nxd4 12. cxd4 Bxa3 13. bxa3 Qe7 14. Qd3
Re8 15. e5 d5 16. Bd2 c5 17. Bf3 c4 18. Qc2 Qd8 19. f5 Ne7 20. Bg4 Nc6 21. Bc3
Qb6 22. Qf2 Nd8 23. Rab1 Qc6 24. Bd1 a6 25. f6 g6 26. Qf4 Kh8 27. Qh6 Rg8 28.
Rf4 g5 29. Bc2 Rg6 30. Bxg6 fxg6 1-0

[Event "Lichtenberger Sommer 2019"]
[Site "Berlin"]
[Date "2019.08.20"]
[Round "4.66"]
[White "Wimmer, Thomas"]
[Black "Doraszelski, Alexander"]
[Result "1-0"]
[WhiteElo "1841"]
[BlackElo "1649"]
[PlyCount "63"]
[EventDate "2019.??.??"]
[WhiteTeam "SK Marburg"]
[BlackTeam "SV Empor Berlin"]

1. d4 d5 2. c4 e6 3. Nc3 c5 4. cxd5 exd5 5. Nf3 Nc6 6. e3 Nf6 7. Be2 Bf5 8. O-O
Bd6 9. Nb5 Be7 10. dxc5 Bxc5 11. Nbd4 Be4 12. a3 O-O 13. b4 Bb6 14. Bb2 a6 15.
Rc1 Qd6 16. Nxc6 bxc6 17. Ne5 c5 18. Nc4 Qd8 19. Nxb6 Qxb6 20. Rxc5 Nd7 21. Qd4
Qg6 22. f3 Nxc5 23. fxe4 Nxe4 24. Qxd5 Rfd8 25. Qe5 Re8 26. Qf4 Rad8 27. Bc4
Re7 28. Bd4 Nd2 29. Qh4 Red7 30. Bxf7+ Qxf7 31. Rxf7 Kxf7 32. Qf2+ 1-0

[Event "Lichtenberger Sommer 2019"]
[Site "Berlin"]
[Date "2019.08.20"]
[Round "4.67"]
[White "Casny, Guenter"]
[Black "Ho, Ngoc Hai-Dang"]
[Result "0-1"]
[WhiteElo "1841"]
[BlackElo "1642"]
[PlyCount "140"]
[EventDate "2019.??.??"]
[WhiteTeam "SC Rochade (Berlin)"]
[BlackTeam "SV Mattnetz Berlin"]

1. e4 e5 2. Nf3 Nc6 3. Bc4 Bc5 4. c3 Nf6 5. d3 d6 6. O-O O-O 7. b4 Bb6 8. a4 a5
9. b5 Ne7 10. h3 Ng6 11. Na3 h6 12. Nc2 Be6 13. Ba2 Qd7 14. Kh2 Rad8 15. c4 Kh7
16. Be3 Rfe8 17. Qe2 Nh5 18. Ng5+ hxg5 19. Qxh5+ Kg8 20. Bxg5 Ne7 21. Rad1 f6
22. Be3 Bf7 23. Qe2 g5 24. Bxb6 cxb6 25. Ne3 Kg7 26. Rh1 Rh8 27. Rdg1 Be6 28.
g4 Ng6 29. Rg3 Nf4 30. Qd1 Rh6 31. Nf5+ Bxf5 32. exf5 Rdh8 33. Qf3 Rxh3+ 34.
Rxh3 Rxh3+ 35. Qxh3 Nxh3 36. Kxh3 Qc7 37. Kg2 Qc5 38. Bb3 Qd4 39. f3 Qxd3 40.
Bd1 Qxc4 41. Re1 d5 42. Kf2 d4 43. Re4 Qc1 44. Ke1 Qc3+ 45. Ke2 Kf8 46. Kf1 Qd2
47. Re1 Kg7 48. Be2 Qc3 49. Bd1 Kf8 50. Re4 Ke7 51. Re1 Kd6 52. Re4 Kc5 53. Re1
Kb4 54. Re4 Qd2 55. Re1 d3 56. Re4+ Kc3 57. Re1 Qc1 58. Kf2 Kd2 59. Rg1 Qxd1
60. Rxd1+ Kxd1 61. Ke3 Kc2 62. f4 exf4+ 63. Kd4 d2 64. Kd5 d1=Q+ 65. Ke6 Qxg4
66. Kxf6 f3 67. Kg6 f2 68. f6 f1=Q 69. f7 Qgf4 70. Kg7 Qxf7+ 0-1

[Event "Lichtenberger Sommer 2019"]
[Site "Berlin"]
[Date "2019.08.20"]
[Round "4.68"]
[White "Matitschka, Johannes"]
[Black "Nguyen, Phuc Nhat"]
[Result "1-0"]
[WhiteElo "1815"]
[BlackElo "1599"]
[PlyCount "59"]
[EventDate "2019.??.??"]
[WhiteTeam "TSG Oberschöneweide"]
[BlackTeam "SC Zugzwang 95 (Berlin)"]

1. Nf3 d5 2. g3 c6 3. Bg2 Nf6 4. O-O Bf5 5. d3 Nbd7 6. Bf4 Nh5 7. Bd2 e5 8. e4
Bg6 9. exd5 cxd5 10. Nh4 Nhf6 11. Nxg6 hxg6 12. Qe2 Bd6 13. Nc3 Nb6 14. Bg5 Bc7
15. f4 e4 16. dxe4 dxe4 17. Rad1 Qe7 18. Nxe4 Kf8 19. Rfe1 Re8 20. Qf2 Qb4 21.
Nxf6 Rxe1+ 22. Rxe1 gxf6 23. Bxf6 Nd5 24. c3 Nxf6 25. cxb4 Bb6 26. Qxb6 axb6
27. Bxb7 Kg7 28. h4 Rd8 29. Bf3 Nd5 30. Rd1 1-0

[Event "Lichtenberger Sommer 2019"]
[Site "Berlin"]
[Date "2019.08.20"]
[Round "4.69"]
[White "Wahner, Eberhard"]
[Black "Lieder, Günter"]
[Result "1-0"]
[WhiteElo "1592"]
[BlackElo "1815"]
[PlyCount "97"]
[EventDate "2019.??.??"]
[WhiteTeam "SC Eintracht Berlin"]
[BlackTeam "SK Turm Bad Hersfeld"]

1. c4 e5 2. Nc3 Nf6 3. Nf3 d6 4. g3 g6 5. Bg2 Bg7 6. O-O O-O 7. Re1 Nc6 8. d3
Bg4 9. Bg5 h6 10. Bd2 Qd7 11. Rc1 a6 12. a3 Rab8 13. b4 Bh3 14. Nd5 Ne8 15. e4
Bg4 16. Qb3 Bxf3 17. Bxf3 Nd4 18. Qd1 Kh7 19. Bg4 Qd8 20. f4 c6 21. Nc3 exf4
22. Bxf4 h5 23. Bh3 Be5 24. Rf1 Ng7 25. Ne2 Nge6 26. Bxe5 dxe5 27. Rf2 Qg5 28.
Qf1 Kg7 29. Kh1 Rbd8 30. Rd1 Nc2 31. Ng1 Ne3 32. Nf3 Qe7 33. Qe2 Nxd1 34. Qxd1
Ng5 35. Nxg5 Qxg5 36. g4 hxg4 37. Bxg4 Rd6 38. Rg2 Qf4 39. Bf5 Rh8 40. Qe2 Qc1+
41. Rg1 Kf8 42. Rxc1 gxf5 43. exf5 f6 44. Rg1 Rd4 45. Qg2 Rdh4 46. Qg7+ Ke8 47.
Rg2 b5 48. Qxf6 e4 49. Qxc6+ 1-0

[Event "Lichtenberger Sommer 2019"]
[Site "Berlin"]
[Date "2019.08.20"]
[Round "4.70"]
[White "Timm, Christian"]
[Black "Schmalzried, Volker"]
[Result "0-1"]
[WhiteElo "1573"]
[BlackElo "1808"]
[PlyCount "48"]
[EventDate "2019.??.??"]
[WhiteTeam "SV Herzberg"]

1. Nf3 c5 2. d4 cxd4 3. Nxd4 Nc6 4. c3 g6 5. Nd2 Bg7 6. Nxc6 bxc6 7. g3 Nf6 8.
Bg2 O-O 9. O-O d5 10. e4 Rb8 11. exd5 cxd5 12. a4 e5 13. Re1 Re8 14. Nf1 Bb7
15. Be3 a5 16. Bg5 h6 17. Bxf6 Bxf6 18. Ne3 d4 19. cxd4 exd4 20. Nc4 Rxe1+ 21.
Qxe1 Bxg2 22. Nxa5 Bh3 23. Qd2 Qd5 24. f4 d3 0-1

[Event "Lichtenberger Sommer 2019"]
[Site "Berlin"]
[Date "2019.08.20"]
[Round "4.71"]
[White "Döring, Martin"]
[Black "Mueller, Jörg René"]
[Result "1-0"]
[WhiteElo "1807"]
[BlackElo "1590"]
[PlyCount "65"]
[EventDate "2019.??.??"]
[WhiteTeam "SC Weisse Dame"]
[BlackTeam "SC Zugzwang 95 (Berlin)"]

1. e4 c5 2. c3 Qc7 3. d4 cxd4 4. cxd4 g6 5. Nc3 Bg7 6. Be3 a6 7. Rc1 e6 8. e5
Ne7 9. Ne4 Nec6 10. Nd6+ Kf8 11. Nf3 h6 12. Bd3 Kg8 13. h4 Bf8 14. Ne4 Be7 15.
a3 b5 16. Rh3 Qd8 17. Nh2 h5 18. Nf3 Bb7 19. Nfg5 Qf8 20. Rf3 Nd8 21. Rf4 Bxe4
22. Bxe4 Bxg5 23. hxg5 Ra7 24. d5 Rb7 25. Rc8 Kg7 26. dxe6 Qe7 27. Rxd8 Qxd8
28. Rxf7+ Kg8 29. Bxb7 Qc7 30. Qd5 Rh7 31. Rxh7 Kxh7 32. e7 d6 33. Qf7+ 1-0

[Event "Lichtenberger Sommer 2019"]
[Site "Berlin"]
[Date "2019.08.20"]
[Round "4.72"]
[White "Ellert, Stefan"]
[Black "Mayer, Herbert"]
[Result "1-0"]
[WhiteElo "1580"]
[BlackElo "1804"]
[PlyCount "105"]
[EventDate "2019.??.??"]
[WhiteTeam "SV Empor Berlin"]
[BlackTeam "SC Rochade (Berlin)"]

1. d4 d5 2. e3 Nf6 3. Bd3 g6 4. f4 Bg7 5. Nf3 O-O 6. Nbd2 Nbd7 7. O-O c5 8. c3
c4 9. Bc2 b5 10. Ne5 a5 11. e4 dxe4 12. Nxe4 Bb7 13. Qe2 Qb6 14. Nxf6+ Nxf6 15.
f5 Rad8 16. Be3 Nd5 17. fxg6 Bxe5 18. gxf7+ Rxf7 19. Rxf7 Kxf7 20. Qh5+ Ke6 21.
Qxe5+ Kd7 22. Qf5+ Qe6 23. Bd2 Qxf5 24. Bxf5+ e6 25. Bxh7 Nf6 26. Bc2 Rg8 27.
g3 Ne4 28. Bxe4 Bxe4 29. Bf4 Kc6 30. Kf2 Kd5 31. Ke3 Rg7 32. h4 b4 33. Kd2 Bf5
34. Re1 Be4 35. Rg1 bxc3+ 36. Kxc3 Rg4 37. Bc7 a4 38. Be5 Bd3 39. h5 Bh7 40.
Re1 Rg8 41. Bf4 Be4 42. h6 a3 43. bxa3 Ra8 44. Be5 Rxa3+ 45. Kb2 Ra7 46. Rxe4
Kxe4 47. Bg7 c3+ 48. Kxc3 Ra3+ 49. Kb4 Rxg3 50. h7 Rxg7 51. h8=Q Rb7+ 52. Kc3
Rc7+ 53. Kd2 1-0

[Event "Lichtenberger Sommer 2019"]
[Site "Berlin"]
[Date "2019.08.20"]
[Round "4.73"]
[White "Fock, Sana"]
[Black "Wieczorek, Martin"]
[Result "0-1"]
[WhiteElo "1800"]
[BlackElo "1565"]
[PlyCount "86"]
[EventDate "2019.??.??"]
[WhiteTeam "SC Kreuzberg"]
[BlackTeam "SK Dessau 93"]

1. e4 e6 2. d4 d5 3. Nd2 Nf6 4. e5 Nfd7 5. Bd3 c5 6. c3 Nc6 7. Ndf3 cxd4 8.
cxd4 f6 9. exf6 Nxf6 10. Ne2 Bd6 11. O-O Qc7 12. h3 O-O 13. a3 Bd7 14. Re1 Rae8
15. Bg5 e5 16. dxe5 Nxe5 17. Nxe5 Bxe5 18. Rc1 Qd6 19. Nc3 Bd4 20. Rxe8 Bxe8
21. Qd2 Bb6 22. Bf4 Qd8 23. Bf5 Nh5 24. Bg5 Qd6 25. Nxd5 Bxf2+ 26. Qxf2 Qxd5
27. Rc5 Qd1+ 28. Kh2 Qd6+ 29. Kg1 g6 30. g4 Ng7 31. Qe3 gxf5 32. Be7 Qd1+ 33.
Kh2 Rf7 34. gxf5 Bc6 35. Rxc6 bxc6 36. f6 Qc2+ 37. Kg1 Qg6+ 38. Kh1 Qb1+ 39.
Kg2 Qxb2+ 40. Kh1 Qb1+ 41. Kg2 Qg6+ 42. Kh1 Nh5 43. Qxa7 Nxf6 0-1

[Event "Lichtenberger Sommer 2019"]
[Site "Berlin"]
[Date "2019.08.20"]
[Round "4.74"]
[White "Weber, Constanze"]
[Black "Rehder, Frank"]
[Result "0-1"]
[WhiteElo "1490"]
[BlackElo "1793"]
[PlyCount "134"]
[EventDate "2019.??.??"]
[WhiteTeam "SV Ruhrspringer"]
[BlackTeam "SC Zugzwang 95 (Berlin)"]

1. c4 Nf6 2. Nc3 g6 3. g3 Bg7 4. Bg2 d6 5. d4 O-O 6. e4 Nbd7 7. Nge2 c6 8. O-O
Qc7 9. b4 e5 10. d5 h6 11. a3 a6 12. Be3 Ng4 13. Qd2 Nxe3 14. Qxe3 Nf6 15. h3
Bd7 16. Rfd1 Rab8 17. Rac1 Ne8 18. Kh2 f5 19. f4 Qd8 20. Rf1 Rc8 21. fxe5 dxe5
22. c5 Nf6 23. exf5 Bxf5 24. d6 Kh7 25. Rcd1 Qd7 26. Ng1 Rce8 27. Ne4 Nd5 28.
Qd2 Be6 29. Nf3 Nf6 30. Ng1 Nh5 31. Rxf8 Rxf8 32. Nf3 Bd5 33. Qe2 Kh8 34. Rf1
Qe6 35. Qe3 Nf6 36. Nfd2 g5 37. Nxf6 Rxf6 38. Rxf6 Bxf6 39. Ne4 Bd8 40. Bf3 Qf5
41. Nd2 Kg7 42. g4 Qf4+ 43. Qxf4 exf4 44. Kg2 Kf6 45. Kf2 Ke5 46. Ke2 b6 47.
Kd3 bxc5 48. bxc5 Bxf3 49. Nxf3+ Kd5 50. Nd4 Bf6 51. d7 Bd8 52. a4 Bf6 53. Nf5
Kxc5 54. Ke4 a5 55. Nxh6 Kd6 56. Nf5+ Kxd7 57. h4 gxh4 58. Kxf4 Bd8 59. g5 h3
60. Kg4 h2 61. Ng3 Bc7 62. Nh1 Ke6 63. Nf2 c5 64. Kh3 Kf5 65. Kg2 c4 66. Nh3 c3
67. Nf2 c2 0-1

[Event "Lichtenberger Sommer 2019"]
[Site "Berlin"]
[Date "2019.08.20"]
[Round "4.75"]
[White "Wallmann, Bodo"]
[Black "Caglar, Erdal"]
[Result "1-0"]
[WhiteElo "1789"]
[BlackElo "1514"]
[PlyCount "67"]
[EventDate "2019.??.??"]
[WhiteTeam "SC Kreuzberg"]
[BlackTeam "SW Lichtenrade"]

1. e4 Nc6 2. d4 e5 3. Nf3 exd4 4. Nxd4 Bc5 5. Be3 Qf6 6. c3 Nge7 7. Qd2 Nxd4 8.
cxd4 Bb6 9. Nc3 O-O 10. Na4 Nc6 11. Nxb6 axb6 12. Be2 d6 13. O-O Qg6 14. Bd3
Bh3 15. f4 Bc8 16. Rf3 f6 17. b3 Ne7 18. f5 Qe8 19. Rc1 c6 20. Rcf1 Kh8 21. Bb1
Ng8 22. Bf4 Qe7 23. Qb4 c5 24. Qxb6 Ra6 25. Qb5 cxd4 26. Qd3 Bd7 27. Qxd4 Bb5
28. Re1 Rd8 29. a4 Be8 30. Rh3 Bf7 31. Rd1 Qc7 32. Kf1 Rb6 33. Rc1 Qd7 34. Qxb6
1-0

[Event "Lichtenberger Sommer 2019"]
[Site "Berlin"]
[Date "2019.08.20"]
[Round "4.76"]
[White "Stark, Steven"]
[Black "Villuela, Roberto"]
[Result "0-1"]
[WhiteElo "1443"]
[BlackElo "1787"]
[PlyCount "48"]
[EventDate "2019.??.??"]
[WhiteTeam "BSC Rehberge"]
[BlackTeam "Nairobi Chess Club"]

1. e4 e5 2. Be2 Nf6 3. d3 d5 4. Nd2 Nc6 5. c3 Be7 6. h3 O-O 7. a3 a5 8. Bg4
dxe4 9. Bxc8 Qxc8 10. Nxe4 Rd8 11. Nxf6+ Bxf6 12. Be3 e4 13. d4 Ne5 14. Qc2
Nd3+ 15. Kf1 c5 16. Ne2 cxd4 17. Bd2 Qf5 18. Be1 Nxe1 19. Qa4 e3 20. f4 b5 21.
Qb3 d3 22. Rxe1 dxe2+ 23. Rxe2 Qxf4+ 24. Ke1 Bh4+ 0-1

[Event "Lichtenberger Sommer 2019"]
[Site "Berlin"]
[Date "2019.08.20"]
[Round "4.77"]
[White "Mock, Peter"]
[Black "Motsch, Sebastian"]
[Result "1-0"]
[WhiteElo "1784"]
[BlackElo "1275"]
[PlyCount "67"]
[EventDate "2019.??.??"]
[WhiteTeam "SC Rochade (Berlin)"]

1. c4 e5 2. Nc3 Nc6 3. Nf3 g6 4. d4 d6 5. dxe5 dxe5 6. Qxd8+ Kxd8 7. Be3 Bb4 8.
O-O-O+ Bd7 9. Nd5 Ba5 10. a3 Bb6 11. c5 Kc8 12. cxb6 axb6 13. Ng5 Nh6 14. Ne4
Kb8 15. Bxh6 Nd4 16. e3 Nb3+ 17. Kc2 Ba4 18. Kc3 Nc5 19. Nxc5 Bxd1 20. Nd7+ Ka7
21. Bb5 Bg4 22. Nxe5 Be6 23. Nf4 Rhd8 24. Nxe6 fxe6 25. Bg5 Rd5 26. Bc4 Rxe5
27. Bf4 Rc5 28. b4 Rc6 29. Kb3 b5 30. Bxb5 Rb6 31. a4 c6 32. Bc4 c5 33. b5 Rd8
34. a5 1-0

[Event "Lichtenberger Sommer 2019"]
[Site "Berlin"]
[Date "2019.08.20"]
[Round "4.78"]
[White "Direktor, Paul"]
[Black "Fiß, Wolfgang"]
[Result "1-0"]
[WhiteElo "1350"]
[BlackElo "1778"]
[PlyCount "29"]
[EventDate "2019.??.??"]
[WhiteTeam "SK Neuburg"]
[BlackTeam "SC Oranienburg"]

1. d4 e6 2. Bf4 c5 3. c3 Nf6 4. e3 Nd5 5. Bd3 Nxf4 6. exf4 cxd4 7. cxd4 Qc7 8.
Ne2 Nc6 9. Nbc3 Qb6 10. O-O Nxd4 11. Nxd4 Qxd4 12. Nb5 Qxf4 13. g3 Qb8 14. Rc1
Bd6 15. Rxc8+ 1-0

[Event "Lichtenberger Sommer 2019"]
[Site "Berlin"]
[Date "2019.08.20"]
[Round "4.80"]
[White "Eisheh, Jens-Tarek"]
[Black "Lippianowski, Stefan"]
[Result "1-0"]
[WhiteElo "1779"]
[BlackElo "1083"]
[PlyCount "65"]
[EventDate "2019.??.??"]
[WhiteTeam "Lübecker SV"]
[BlackTeam "SV Mattnetz Berlin"]

1. e4 e5 2. Nf3 Nc6 3. Bc4 Nf6 4. d3 Bc5 5. O-O d5 6. exd5 Nd4 7. c3 Nxf3+ 8.
Qxf3 Bg4 9. Qg3 Qe7 10. Bg5 O-O-O 11. Bxf6 Qxf6 12. Qxg4+ Kb8 13. Nd2 h5 14.
Qf3 Qf4 15. Qxf4 exf4 16. Rfe1 g5 17. d4 Bd6 18. Ne4 g4 19. Nxd6 Rxd6 20. Re4
f3 21. Rae1 Rdd8 22. Rf4 fxg2 23. Rxf7 h4 24. Kxg2 h3+ 25. Kg3 b6 26. Ree7 Rhf8
27. Rxc7 Rxf7 28. Rxf7 Rg8 29. Ba6 Ka8 30. Bb7+ Kb8 31. Bc6 Kc8 32. Rxa7 Rf8
33. d6 1-0

[Event "Lichtenberger Sommer 2019"]
[Site "Berlin"]
[Date "2019.08.20"]
[Round "4.81"]
[White "Eichstädt, Torsten"]
[Black "Massa, Pietro"]
[Result "0-1"]
[WhiteElo "1401"]
[BlackElo "1677"]
[PlyCount "66"]
[EventDate "2019.??.??"]
[WhiteTeam "SG NARVA Berlin"]
[BlackTeam "SF 1903 Berlin"]

1. e4 c6 2. d4 d5 3. Nc3 dxe4 4. Nxe4 Bf5 5. Ng3 Bg6 6. Nf3 Nd7 7. Bd3 Ngf6 8.
Bxg6 hxg6 9. c4 e6 10. O-O Qc7 11. Ng5 Be7 12. b3 Nh5 13. Qf3 Ndf6 14. a4 Nxg3
15. fxg3 Bb4 16. Bf4 Bd6 17. Bxd6 Qxd6 18. Rad1 O-O 19. g4 Nh7 20. Nxh7 Kxh7
21. g5 Rad8 22. h4 Kg8 23. h5 Qe7 24. Qg4 c5 25. d5 exd5 26. Rfe1 Qd7 27. Qh4
d4 28. Rd3 Rfe8 29. hxg6 Rxe1+ 30. Qxe1 fxg6 31. Qh4 Kf7 32. Rf3+ Ke7 33. Qe4+
Qe6 0-1

[Event "Lichtenberger Sommer 2019"]
[Site "Berlin"]
[Date "2019.08.20"]
[Round "4.82"]
[White "Geiß, Anne"]
[Black "Ollek, Karl-Heinz"]
[Result "0-1"]
[WhiteElo "1393"]
[BlackElo "1671"]
[PlyCount "84"]
[EventDate "2019.??.??"]
[WhiteTeam "Schachpinguine Berlin"]
[BlackTeam "SC Friesen Lichtenberg"]

1. e4 g6 2. d4 Bg7 3. Be3 d6 4. Nc3 Nf6 5. f3 O-O 6. Qd2 Nbd7 7. O-O-O b6 8.
Bh6 e5 9. Bxg7 Kxg7 10. d5 Nc5 11. h4 Nh5 12. Nge2 f5 13. g3 fxe4 14. f4 exf4
15. Nxf4 Bg4 16. Nxh5+ Bxh5 17. Be2 Rf2 18. Qe3 Qf6 19. Bxh5 gxh5 20. Nxe4 Qe5
21. Qg5+ Qxg5+ 22. Nxg5 Re8 23. Rhf1 Rxf1 24. Rxf1 h6 25. b4 hxg5 26. bxc5 bxc5
27. Rf5 Re5 28. Rxg5+ Rxg5 29. hxg5 Kg6 30. Kd2 Kxg5 31. Ke2 Kg4 32. Kf2 c4 33.
c3 Kf5 34. Ke3 Ke5 35. a3 Kxd5 36. Kf4 Ke6 37. Ke4 d5+ 38. Kd4 Kd6 39. a4 a5
40. Ke3 Ke5 41. Kd2 Ke4 42. Ke2 c5 0-1

[Event "Lichtenberger Sommer 2019"]
[Site "Berlin"]
[Date "2019.08.20"]
[Round "4.83"]
[White "Kultscher, Christian"]
[Black "Gebhardt, Christine"]
[Result "0-1"]
[WhiteElo "1366"]
[BlackElo "1663"]
[PlyCount "54"]
[EventDate "2019.??.??"]
[WhiteTeam "1. SC Anhalt"]
[BlackTeam "Anastasias Matt"]

1. Nf3 e6 2. c4 d5 3. e3 c5 4. g3 Nf6 5. Bg2 Nc6 6. cxd5 exd5 7. O-O Be7 8. d4
c4 9. Nc3 O-O 10. a3 Bg4 11. Re1 Ne4 12. Qc2 Bf5 13. Nxe4 Bxe4 14. Qc3 Bf6 15.
b3 b5 16. bxc4 bxc4 17. Ne5 Bxg2 18. Nxc6 Qb6 19. Ne7+ Bxe7 20. Kxg2 f5 21. a4
Bb4 22. Qb2 Bxe1 23. Qxb6 axb6 24. Ba3 Bc3 25. Rb1 Rfb8 26. Bd6 Rb7 27. Rb5 Ra5
0-1

[Event "Lichtenberger Sommer 2019"]
[Site "Berlin"]
[Date "2019.08.20"]
[Round "4.84"]
[White "Tedesco, Gennaro"]
[Black "Koerber, Bernhard"]
[Result "1-0"]
[WhiteElo "1663"]
[BlackElo "1488"]
[PlyCount "35"]
[EventDate "2019.??.??"]
[WhiteTeam "SC Kreuzberg"]
[BlackTeam "Lasker Steglitz-Wilmersdorf"]

1. d4 Nf6 2. Nf3 g6 3. c4 Bg7 4. g3 d5 5. Bg2 O-O 6. cxd5 Nxd5 7. O-O Nb6 8.
Nc3 c6 9. h3 Nd5 10. e4 Nxc3 11. bxc3 c5 12. Be3 cxd4 13. cxd4 Nc6 14. Rb1 Rb8
15. Bf4 Ra8 16. d5 Na5 17. Qc1 a6 18. Bc7 1-0

[Event "Lichtenberger Sommer 2019"]
[Site "Berlin"]
[Date "2019.08.20"]
[Round "4.85"]
[White "Dittrich, Hans-Jürgen"]
[Black "Krawatzki, Armin"]
[Result "0-1"]
[WhiteElo "1284"]
[BlackElo "1637"]
[PlyCount "58"]
[EventDate "2019.??.??"]
[WhiteTeam "SC Eintracht Berlin"]
[BlackTeam "Läufer Reinickendorf"]

1. d4 e6 2. Bf4 Nf6 3. c3 b6 4. Nf3 Bb7 5. Nbd2 Be7 6. e3 Nh5 7. Bg3 O-O 8. Bd3
f5 9. Qa4 d6 10. h3 Nxg3 11. fxg3 Nd7 12. Ba6 Bxa6 13. Qxa6 c5 14. O-O-O Qc7
15. Qd3 d5 16. g4 c4 17. Qc2 b5 18. h4 b4 19. cxb4 Bxb4 20. Nb1 Qa5 21. a3 Be7
22. Rdf1 Rab8 23. gxf5 exf5 24. h5 Rb3 25. Nh4 Bg5 26. Nxf5 Nf6 27. Rf3 Ne4 28.
Rhf1 Rfb8 29. g4 Qb6 0-1